00431nam a2200157Ia 4500008004100000020000700041082001600048100001500064245006300079250000700142260003400149300002900183500001900212600002700231650001500258240925s9999 xx 000 0 und d aNA a621.815 SHA aShahane - 0aSolutions of University Problems in Machine design(M K S ) aNA aBombay:bEngineering BookcNA axviii,404p.bNAfPirated aIncludes Index aElectronic Engineering aTechnology